| 000 | 00400nam a2200145Ia 4500 | ||
|---|---|---|---|
| 008 | 231129s1995||||xx |||||||||||||| ||spa|| | ||
| 020 | _a950-885-007-8 | ||
| 040 | _bspa | ||
| 082 | _a345.07 G618m | ||
| 100 | _aGoldberg Steven H | ||
| 245 | 0 | _aMi primer juicio oral: !Donde me siento? !Y que dire? | |
| 260 | _c1995 | ||
| 264 | _aHeliasta | ||
| 942 |
_2ddc _cBKS |
||
| 999 |
_c21125 _d21125 |
||